1994 Films by Picture - Statistics

General Stats
  • This quiz has been taken 514 times
    147 since last reset
  • The average score is 16 of 30
Answer Stats
Picture Answer % Correct
The Lion King
92%
The Mask
91%
Pulp Fiction
87%
Dumb and Dumber
86%
Ace Ventura: Pet Detective
84%
The Flintstones
79%
Forrest Gump
78%
Speed
78%
The Shawshank Redemption
76%
Interview with the Vampire
64%
The Crow
62%
The Santa Clause
61%
Richie Rich
60%
Lassie
57%
Léon: The Professional
56%
True Lies
53%
Four Weddings and a Funeral
50%
Clerks
42%
Ed Wood
38%
Street Fighter
37%
Junior
34%
Natural Born Killers
33%
Maverick
29%
It's Pat
22%
Stargate
22%
Airheads
20%
Three Colours: Red
19%
The Hudsucker Proxy
17%
Reality Bites
13%
Hoop Dreams
12%
No matching quizzes found
Score Distribution
Percent of People with Each Score
Percentile by Number Answered
Your Score History
You have not taken this quiz since the last reset